opac header logoBAUST Central Library, Saidpur
Normal view MARC view

Entry Personal Name

Number of records used in: 1

001 - CONTROL NUMBER

  • control field: 2374

003 - CONTROL NUMBER IDENTIFIER

  • control field: BD-SpBAUS

005 - DATE AND TIME OF LATEST TRANSACTION

  • control field: 20251120120309.0

008 - FIXED-LENGTH DATA ELEMENTS

  • fixed length control field: 251120|| aca||aabn | a|a d

040 ## - CATALOGING SOURCE

  • Original cataloging agency: BD-SpBAUS
  • Transcribing agency: BD-SpBAUS

100 ## - HEADING--PERSONAL NAME

  • Personal name: Craig, John J

670 ## - SOURCE DATA FOUND

  • Source citation: Work cat.: (BD-SpBAUS)966: Craig, John J. , Introduction to Robotics : , c2022 [8th Impression 2025].

Library Home | Contacts | BAUST Home
Last Update on 01 April 2026
Copyright @ 2026 BAUST Central Library
Bangladesh Army University of Science and Technology (BAUST), Saidpur